000 00257nam a22000857a 4500
008 160708b xxu||||| |||| 00| 0 eng d
100 _92456
_a Kingsbury, R.C., et al
245 _aAn Atlas of Middle Eastern Affairs
260 _aNew York
_b Frederick A.Pracger
_c1968
999 _c2127
_d2127